000 00434nam a22001817a 4500
003 OSt
008 250426b |||||||| |||| 00| 0 eng d
020 _a9788125601166
082 _a344.104 SIP
100 _aSiddiqui, Anees Ahmad
245 _aPharmacy Law and Eithics
250 _a1st
260 _aDelhi
_bTara Pub
300 _avii,304
650 _aPharmacy law and Eithics
700 _aSiddiqui, Seema
942 _2ddc
_cBK
999 _c13462
_d13462